000 00602nam a2200205 4500
001 120460
003 ES-MaACL
005 20230906191545.0
007 t|
008 070214s1907 fr r ||||1| fre d
100 1 _aPoincaré, Lucien.
_992752
245 1 2 _aL'electricité /
_cLucien Poincaré.
260 _aParis :
_bErnest Flammarion,
_c1907.
300 _a297 p. ;
_c19 cm.
490 1 _aBibliothèque de philosophie scientifique
650 4 _aElectrotecnia.
_912169
830 1 _aBibliothèque de philosophie scientifique
_9181135
852 _aES-MaACL
_jF-6376
999 _c120460
_d120460